Kết cấu bê tông và bê tông cốt thép : Phần cấu kiện cơ bản /
Khái niệm chung. Tính chất cơ lý của vật liệu. Nguyên lý tính toán và cấu tạo. Cấu kiện chịu uốn (tính toán theo cường độ). Cấu kiện chịu nén và chịu kéo. Cấu kiện chịu xoắn. Tính toán cấu kiện bê tông cốt thép theo trạng thái giới hạn thứ hai. Bê tông cốt thép ứng lực trước. Xi măng lưới thép. Tính...
Đã lưu trong:
| Tác giả khác: | , , , , |
|---|---|
| Định dạng: | Sách |
| Ngôn ngữ: | Vietnamese |
| Được phát hành: |
Hà Nội :
Khoa học và kỹ thuật,
1994.
|
| Những chủ đề: | |
| Các nhãn: |
Thêm thẻ
Không có thẻ, Là người đầu tiên thẻ bản ghi này!
|
| Thư viện lưu trữ: | Mạng thư viện Đại học Đà Nẵng |
|---|
| LEADER | 02006cam a2200409 a 4500 | ||
|---|---|---|---|
| 001 | 000043705 | ||
| 003 | 1748 | ||
| 005 | 20060426110807.0 | ||
| 008 | 010217b1994 vm 000 vie | ||
| 040 | |a LRC |c LRC |d LRC | ||
| 041 | 1 | |a vie | |
| 082 | 1 | 4 | |a 620.137 |b Kê-C |
| 245 | 0 | 0 | |a Kết cấu bê tông và bê tông cốt thép : |b Phần cấu kiện cơ bản / |c Ngô Thế Phong (chủ biên), Nguyễn Đình Cống, Trịnh Kim Đạm, Nguyễn Xuân Liên, Nguyễn Phấn Tấn. |
| 260 | |a Hà Nội : |b Khoa học và kỹ thuật, |c 1994. | ||
| 300 | |a 162 tr. : |b mh. ; |c 26 cm. | ||
| 500 | |a In lần thứ hai có sửa chữa bổ sung. | ||
| 520 | 3 | |a Khái niệm chung. Tính chất cơ lý của vật liệu. Nguyên lý tính toán và cấu tạo. Cấu kiện chịu uốn (tính toán theo cường độ). Cấu kiện chịu nén và chịu kéo. Cấu kiện chịu xoắn. Tính toán cấu kiện bê tông cốt thép theo trạng thái giới hạn thứ hai. Bê tông cốt thép ứng lực trước. Xi măng lưới thép. Tính toán kinh tế các cấu kiện bê tông cốt thép. Sàn phẳng. | |
| 630 | 0 | 4 | |a Xây dựng. |
| 630 | 0 | 4 | |a Kết cấu bê tông cốt thép. |
| 650 | 0 | 4 | |a Bê tông cốt thép |x Cấu kiện. |
| 700 | 1 | |a Ngô Thế Phong, |c GS. TS., |e chủ biên. | |
| 700 | 1 | |a Nguyễn Đình Cống, |c GS. TS. | |
| 700 | 1 | |a Trịnh Kim Đạm, |c TS. | |
| 700 | 1 | |a Nguyễn Xuân Liên, |c PGS. TS. | |
| 700 | 1 | |a Nguyễn Phấn Tấn, |c KS. | |
| OWN | |a DUT | ||
| AVA | |a UDN50 |b DUT |c Book |d 620.137 Kê-C |e available |t Error 5001 Not defined in file expand_doc_bib_avail. |f 4 |g 0 |h N |i 0 |j SH |k 1 | ||
| 999 | |a From the UDN01 | ||
| AVA | |a UDN50 |b DUT |c Book |d 620.137 Kê-C |e available |t Error 5001 Not defined in file expand_doc_bib_avail. |f 4 |g 0 |h N |i 0 |j SH |k 1 | ||
| TYP | |a Monograph | ||
| TYP | |a Printed language | ||
| 980 | |a Mạng thư viện Đại học Đà Nẵng | ||